000
00251 a2200097 4500
001
41782
100
_a
Compton's
245
_a
Compton's Pictured Encyclopedia & Fact Index (Vol-XIII)
260
_a
Chicago
_b
F E Compton & Co.
_c
090
_c
25893
_d
25893
942
_a
NUST-CAE
_c
M
_c
17661
999
_c
276855
_d
276855